[Event "Xtracon Chess Open 2018"]
[Site "Elsinore"]
[Date "2018.07.26"]
[Round "7"]
[White "Ni, Shiqun"]
[Black "Lahlum, Hans Olav"]
[Result "1-0"]
[WhiteElo "2435"]
[BlackElo "2122"]
[EventDate "2018.07.21"]
[WhiteFideId "8608466"]
[BlackFideId "1501348"]

1.e4 e6 2.d4 d5 3.Nd2 c5 4.exd5 Qxd5 5.Ngf3 cxd4 6.Bc4 Qd6 7.O-O Nf6 8.Nb3
Nc6 9.Nfxd4 Nxd4 10.Nxd4 a6 11.Re1 Qc7 12.Bf1 Bd6 13.Nf5 Bxh2+ 14.Kh1 Kf8 
15.Qd4 exf5 16.Qxf6 h6 17.Qd4 Bd6 18.Bc4 Qc5 19.Qd3 Be7 20.Bf4 Be6 21.Bxe6
fxe6 22.Rxe6 Rd8 23.Qe2 Rd4 24.Re5 Re4 25.Rxc5 1-0

[Event "Xtracon Chess Open 2018"]
[Site "Elsinore"]
[Date "2018.07.26"]
[Round "7"]
[White "Nielsen, Viktor Haarmark"]
[Black "Molvig, Henrik"]
[Result "1-0"]
[WhiteElo "2332"]
[BlackElo "2121"]
[EventDate "2018.07.21"]
[WhiteFideId "1444492"]
[BlackFideId "1402625"]

1.e4 c5 2.Nf3 d6 3.d4 cxd4 4.Nxd4 Nf6 5.Nc3 a6 6.Bg5 e6 7.f4 Nbd7 8.Qf3 
Qc7 9.O-O-O Be7 10.f5 e5 11.Nde2 b5 12.Bxf6 Nxf6 13.Nd5 Nxd5 14.exd5 Bd7 
15.Ng3 a5 16.Nh5 Bf8 17.Bd3 b4 18.Kb1 a4 19.Be4 a3 20.b3 Rc8 21.Rhe1 Qc3 
22.Qxc3 Rxc3 23.Rd3 Rc7 24.c3 Rb7 25.Rc1 g6 26.Nf6+ Ke7 27.Nxd7 Kxd7 28.
cxb4 Be7 29.Rh3 Rxb4 30.Rc4 Rhb8 31.Rhc3 Bd8 32.Kc2 Ba5 33.Kd3 Rxc4 34.
Rxc4 Bb4 35.f6 Bc5 36.Ra4 Rb4 37.Rxb4 Bxb4 38.Kc4 Bd2 39.b4 Kc7 40.g4 Kb6 
41.h4 Be1 42.h5 gxh5 43.gxh5 h6 44.Kb3 Bh4 45.Kxa3 Bxf6 46.Kb3 Bg5 47.a4 
Bd2 48.a5+ Kb7 49.Ka4 Be3 50.b5 Bd4 51.b6 Bxb6 52.axb6 Kxb6 53.Kb4 Ka6 54.
Bf5 Kb6 55.Bd3 1-0

[Event "Xtracon Chess Open 2018"]
[Site "Elsinore"]
[Date "2018.07.26"]
[Round "7"]
[White "Jensen, Tobias Ilsoe"]
[Black "Dauth, Benjamin"]
[Result "0-1"]
[WhiteElo "2102"]
[BlackElo "2325"]
[EventDate "2018.07.21"]
[WhiteFideId "1437127"]
[BlackFideId "4688104"]

1.d4 d5 2.c4 e6 3.Nc3 c6 4.cxd5 exd5 5.Bf4 Nf6 6.e3 Be7 7.Bd3 O-O 8.Qc2 
Re8 9.Nf3 Nbd7 10.O-O Nf8 11.h3 h6 12.Bh2 Ne6 13.Rab1 a5 14.a3 Nd7 15.b4 
axb4 16.axb4 b5 17.Ne5 Nxe5 18.Bxe5 Bd6 19.Bxd6 Qxd6 20.Ne2 Bd7 21.Rfc1 
Ra4 22.Qc3 Rea8 23.Bf5 Ra3 24.Rb3 Rxb3 25.Qxb3 Ra4 26.Bxe6 Bxe6 27.Rc5 Bd7
28.Nc1 Qg6 29.Nd3 Ra1+ 30.Kh2 Qd6+ 31.f4 f6 32.Rc1 Rxc1 33.Nxc1 Bf5 34.Qc3
g5 35.Ne2 Bb1 36.Qc5 Qe6 37.Qc3 Kg7 38.Kg3 h5 39.Kf2 Bg6 40.Qa3 h4 41.Qa7+
Kh6 42.Qb8 Bd3 43.Qh8+ Kg6 44.g4 hxg3+ 45.Nxg3 gxf4 46.exf4 Kf7 47.Qh5+ 
Ke7 48.Qg4 Qd6 49.Nh5 Qxb4 50.Qg7+ Kd8 51.Qxf6+ Kc7 52.Qe5+ Kb7 53.Nf6 Ka6
54.Nd7 Qd2+ 55.Kg3 b4 56.Qd6 Qc3 57.Kg4 Kb5 58.f5 Qxd4+ 59.Kg5 Qe3+ 60.Kg6
Qf2 61.Qb8+ Ka4 62.Qa8+ Kb3 63.Qxc6 Qxf5+ 64.Kg7 Bc4 65.Nc5+ Kc2 66.Qa4+ 
b3 67.h4 Qg4+ 68.Kf7 Qxh4 69.Ne6 Qh7+ 70.Kf6 Qh8+ 71.Kf5 Qc3 72.Ng5 Qd3+ 
73.Kf4 Qd4+ 74.Kg3 Qe5+ 75.Kg4 Be2+ 76.Kh4 Qh2+ 77.Nh3 Bf1 78.Qc6+ Kb1 79.
Qg6+ Ka2 80.Qa6+ Bxa6 0-1

[Event "Xtracon Chess Open 2018"]
[Site "Elsinore"]
[Date "2018.07.26"]
[Round "7"]
[White "Berg, Klaus"]
[Black "Jensen, Thore Nyboe"]
[Result "1-0"]
[WhiteElo "2322"]
[BlackElo "2072"]
[EventDate "2018.07.21"]
[WhiteFideId "1400053"]
[BlackFideId "1405349"]

1.d4 Nf6 2.Nf3 e6 3.e3 b6 4.Bd3 Bb7 5.O-O c5 6.c4 Be7 7.Nc3 d5 8.cxd5 exd5
9.b3 O-O 10.Bb2 Nbd7 11.Rc1 Re8 12.Qe2 Rc8 13.Rfd1 Bd6 14.Ba6 Qc7 15.Bxb7 
Qxb7 16.dxc5 bxc5 17.Qd2 Nb6 18.Nb5 Be7 19.Bxf6 gxf6 20.Nc3 Red8 21.Ne2 
Rd7 22.Ng3 Rcd8 23.Nh4 Qc6 24.Nhf5 Bf8 25.Qe2 Kh8 26.Rd4 1-0

[Event "Xtracon Chess Open 2018"]
[Site "Elsinore"]
[Date "2018.07.26"]
[Round "7"]
[White "Thogersen, Rasmus"]
[Black "Salerno, Christian"]
[Result "1-0"]
[WhiteElo "2297"]
[BlackElo "2070"]
[EventDate "2018.07.21"]
[WhiteFideId "1431412"]
[BlackFideId "1310810"]

1.e4 e6 2.d4 d5 3.Nc3 Nf6 4.e5 Nfd7 5.f4 c5 6.Nf3 Nc6 7.Be3 a6 8.Qd2 b5 9.
dxc5 Nxc5 10.a3 Bb7 11.Qf2 Nd7 12.Bd3 Rc8 13.O-O Be7 14.Qg3 g6 15.f5 Bc5 
16.Bxc5 Nxc5 17.fxg6 hxg6 18.Ng5 Rc7 19.Nxf7 Rxf7 20.Bxg6 Rf8 21.Bxf7+ 1-0

[Event "Xtracon Chess Open 2018"]
[Site "Elsinore"]
[Date "2018.07.26"]
[Round "7"]
[White "Petersen, Steen"]
[Black "Jorgensen, Brian"]
[Result "0-1"]
[WhiteElo "2111"]
[BlackElo "2281"]
[EventDate "2018.07.21"]
[WhiteFideId "1402706"]
[BlackFideId "1401599"]

1.e4 e6 2.d4 d5 3.Nd2 Be7 4.Ngf3 Nf6 5.e5 Nfd7 6.Bd3 c5 7.c3 Nc6 8.O-O g5 
9.dxc5 Nxc5 10.Bb5 Nd7 11.c4 g4 12.cxd5 exd5 13.e6 fxe6 14.Bxc6 bxc6 15.
Nd4 Ne5 16.Qe2 Qd6 17.Re1 Ng6 18.b4 e5 19.N4b3 Qxb4 20.a4 Bf6 21.Qe3 h5 
22.Ba3 Qb6 23.Bc5 Qc7 24.Rac1 Kf7 25.Qc3 Bd7 26.a5 Nf4 27.Ba3 e4 28.Qc5 
Qe5 29.Nxe4 dxe4 30.Qxe5 Bxe5 31.Rxe4 Rhe8 32.Kf1 Bf5 33.Rxf4 Bxf4 34.Rc3 
Rad8 35.f3 g3 0-1

[Event "Xtracon Chess Open 2018"]
[Site "Elsinore"]
[Date "2018.07.26"]
[Round "7"]
[White "Baum, Bernd"]
[Black "Klings, Peter"]
[Result "1/2-1/2"]
[WhiteElo "2280"]
[BlackElo "2102"]
[EventDate "2018.07.21"]
[WhiteFideId "4611853"]
[BlackFideId "4631234"]

1.Nf3 d5 2.g3 Nf6 3.Bg2 c6 4.b3 Bg4 5.Bb2 Nbd7 6.d3 e6 7.O-O Bc5 8.c4 O-O 
9.Na3 Re8 10.Nc2 Bf8 11.Ne3 Bh5 12.Qc2 Bc5 13.Qd2 Qe7 14.a3 a5 15.h3 h6 
16.Rfc1 Qf8 17.Nh4 Nh7 18.Nc2 Be7 19.Nf3 Nhf6 20.b4 axb4 21.axb4 Bg6 22.b5
Nc5 23.Ncd4 Nfd7 24.bxc6 bxc6 25.Qc2 Rxa1 26.Rxa1 Rc8 27.Ra7 e5 28.Nb3 e4 
29.Ne1 Ra8 30.Rxa8 1/2-1/2

[Event "Xtracon Chess Open 2018"]
[Site "Elsinore"]
[Date "2018.07.26"]
[Round "7"]
[White "Storme, Isak"]
[Black "Hansen, Svein E"]
[Result "1-0"]
[WhiteElo "2277"]
[BlackElo "2041"]
[EventDate "2018.07.21"]
[WhiteFideId "1728113"]
[BlackFideId "1519727"]

1.d4 d5 2.c4 e6 3.Nf3 c6 4.Nc3 Nf6 5.Bg5 h6 6.Bh4 Nbd7 7.e3 Bb4 8.cxd5 
exd5 9.Bd3 O-O 10.Ne5 Qa5 11.O-O Bxc3 12.bxc3 Qxc3 13.f4 Re8 14.a4 Qb4 15.
Qc2 Ne4 16.Bxe4 dxe4 17.Qxe4 Nxe5 18.fxe5 Re6 19.Rf3 Rg6 20.Rxf7 Rxg2+ 21.
Qxg2 Kxf7 22.Rf1+ Kg8 23.Bf6 Qf8 24.Bg5 Qe8 25.Bxh6 Qe7 26.Rf6 Kh8 27.Rg6 
Bf5 28.Bxg7+ 1-0

[Event "Xtracon Chess Open 2018"]
[Site "Elsinore"]
[Date "2018.07.26"]
[Round "7"]
[White "Koellner, Christof"]
[Black "Bach, Matthias"]
[Result "0-1"]
[WhiteElo "2105"]
[BlackElo "2267"]
[EventDate "2018.07.21"]
[WhiteFideId "4635787"]
[BlackFideId "4603168"]

1.d4 Nf6 2.Bg5 c5 3.Bxf6 gxf6 4.d5 d6 5.c4 f5 6.Nc3 Nd7 7.e3 a6 8.Qc2 Qa5 
9.Nf3 Rg8 10.g3 Bg7 11.Bd3 b5 12.O-O bxc4 13.Bxf5 h5 14.Bxd7+ Bxd7 15.Nh4 
Bf6 16.Nf5 Rg5 17.e4 Rg6 18.h3 Rb8 19.Kg2 Kd8 20.Rab1 Kc7 21.Ne3 Qb4 22.
Ncd1 Ba4 23.Qe2 c3 24.Nxc3 Bxc3 25.bxc3 Qxe4+ 26.Qf3 Qxf3+ 27.Kxf3 Rgg8 
28.Rfe1 Bd7 29.h4 e5 30.dxe6 fxe6 31.Rxb8 Rxb8 32.Rc1 Bc6+ 33.Ke2 Be4 34.
Rd1 d5 35.Rd2 Rb1 36.f3 Bg6 37.Rd1 Rb8 38.Ng2 Kd6 39.Nf4 Bf7 40.g4 c4 41.
Ke3 e5 42.Nxh5 Bxh5 43.gxh5 Rh8 44.Rg1 Rxh5 45.Rg6+ Kc5 46.Rxa6 Rxh4 47.
Ra5+ Kc6 48.a4 d4+ 49.cxd4 exd4+ 50.Kd2 Rh2+ 51.Kd1 d3 52.Ra8 Kc5 53.a5 c3
54.Rc8+ Kb4 0-1

[Event "Xtracon Chess Open 2018"]
[Site "Elsinore"]
[Date "2018.07.26"]
[Round "7"]
[White "Kizatbay, Abyl"]
[Black "Koellner, Ruben Gideon"]
[Result "1/2-1/2"]
[WhiteElo "2088"]
[BlackElo "2254"]
[EventDate "2018.07.21"]
[WhiteFideId "1521853"]
[BlackFideId "12993093"]

1.e4 e5 2.Nf3 Nc6 3.Bb5 Bc5 4.O-O Nd4 5.Nxd4 exd4 6.d3 c6 7.Bc4 d5 8.exd5 
cxd5 9.Bb5+ Bd7 10.Bxd7+ Qxd7 11.a3 Ne7 12.Nd2 f6 13.b4 Bb6 14.Nb3 h5 15.
Bb2 Nf5 16.Re1+ Kf7 17.Re2 Qd6 18.Qd2 h4 19.Rae1 Bc7 20.f4 Bb6 21.Re6 Qd7 
22.Qf2 Rae8 23.Rxe8 Rxe8 24.Rxe8 Qxe8 25.g4 Ne3 26.Qe2 Qb8 27.Qf3 Qd6 28.
Bxd4 Nxc2 29.Bxb6 axb6 30.Qf2 Nxa3 31.Qxh4 Qe6 32.Qh5+ Ke7 33.Qg6 Kf8 34.
Qf5 Qe3+ 35.Kg2 Qe2+ 36.Kg3 Qe1+ 37.Kg2 Qe2+ 38.Kg3 Nc2 39.Qc8+ Kf7 40.
Qd7+ Kf8 41.Qd8+ Qe8 42.Qxb6 Qe1+ 43.Kh3 Ne3 44.Qd8+ Kf7 45.Qd7+ Kf8 46.
Qd8+ Kf7 47.Qd7+ 1/2-1/2

[Event "Xtracon Chess Open 2018"]
[Site "Elsinore"]
[Date "2018.07.26"]
[Round "7"]
[White "Liabotro, Ola"]
[Black "Schwarz, Frank"]
[Result "0-1"]
[WhiteElo "2066"]
[BlackElo "2234"]
[EventDate "2018.07.21"]
[WhiteFideId "1512382"]
[BlackFideId "4658035"]

1.e4 e6 2.d4 d5 3.Nc3 Be7 4.exd5 exd5 5.Bd3 Nf6 6.h3 O-O 7.Nf3 h6 8.Be3 
Re8 9.O-O Bd6 10.Ne5 c5 11.f4 cxd4 12.Bxd4 Nc6 13.Bb5 Qc7 14.Nxc6 bxc6 15.
Bxf6 cxb5 16.Bd4 b4 17.Nxd5 Qc6 18.Bxg7 Bc5+ 19.Kh1 Kxg7 20.f5 Re5 21.Qh5 
Rxd5 22.f6+ Kg8 23.Qxh6 Bf8 24.Qh4 Qxc2 25.Rf3 Qh7 26.Qc4 Be6 27.Qc6 Rc8 
28.Qb7 Rg5 29.Re1 Rc2 30.Rfe3 Rgxg2 31.Qxg2+ Rxg2 32.Kxg2 Qc2+ 33.R1e2 
Bd5+ 34.Kf1 Bc4 0-1

[Event "Xtracon Chess Open 2018"]
[Site "Elsinore"]
[Date "2018.07.26"]
[Round "7"]
[White "Schultz-Pedersen, Jesper"]
[Black "Nilsson, Patrik 1978"]
[Result "0-1"]
[WhiteElo "2057"]
[BlackElo "2229"]
[EventDate "2018.07.21"]
[WhiteFideId "1404482"]
[BlackFideId "1708171"]

1.e4 e6 2.d4 d5 3.e5 c5 4.Nf3 cxd4 5.Bd3 Nc6 6.O-O Nge7 7.Bf4 Ng6 8.Bg3 f5
9.h4 h5 10.c3 Be7 11.cxd4 Bxh4 12.Nxh4 Nxh4 13.Nc3 a6 14.Rc1 Ng6 15.Be2 
Qg5 16.Bh2 f4 17.Qd2 O-O 18.Kh1 Qh6 19.Rfd1 Nge7 20.Na4 b5 21.Nc5 g5 22.
Rc3 Nf5 23.Nb3 Bd7 24.Rdc1 Rfc8 25.Rh3 h4 26.Bg4 Qh7 27.Rhc3 b4 28.R3c2 a5
29.Bxf5 Qxf5 30.Nc5 Be8 31.Nb7 f3 32.Nd6 Qg4 33.g3 hxg3 34.fxg3 Bd7 35.Qd3
Kg7 36.Nxc8 Rxc8 37.Rf1 Rf8 38.Rd2 Be8 39.Qa6 Qe4 40.Qd3 Bg6 41.Qxe4 dxe4 
42.Bg1 Ne7 43.Be3 Nd5 44.Bxg5 e3 45.Rh2 f2 46.Bh6+ Kg8 47.Bxf8 Be4+ 48.Rg2
e2 0-1

[Event "Xtracon Chess Open 2018"]
[Site "Elsinore"]
[Date "2018.07.26"]
[Round "7"]
[White "Crevatin, Leo"]
[Black "Jensen, Morten Frank"]
[Result "1-0"]
[WhiteElo "2224"]
[BlackElo "2007"]
[EventDate "2018.07.21"]
[WhiteFideId "1726307"]
[BlackFideId "1407325"]

1.d4 g6 2.c4 Bg7 3.Nc3 c5 4.d5 Bxc3+ 5.bxc3 f5 6.e4 fxe4 7.f3 exf3 8.Nxf3 
Qa5 9.Qc2 d6 10.Bd3 Nf6 11.O-O Nbd7 12.Bh6 Ng4 13.Bf4 Nde5 14.Bxe5 dxe5 
15.Rae1 Bd7 16.h3 e4 17.Bxe4 Nf6 18.Ne5 Nxe4 19.Qxe4 Bf5 20.Rxf5 gxf5 21.
Qxf5 Qxc3 22.Qd7+ Kf8 23.Rf1+ 1-0

[Event "Xtracon Chess Open 2018"]
[Site "Elsinore"]
[Date "2018.07.26"]
[Round "7"]
[White "Skjoldager, Mikael"]
[Black "Sorensen, Hampus"]
[Result "0-1"]
[WhiteElo "2057"]
[BlackElo "2204"]
[EventDate "2018.07.21"]
[WhiteFideId "1434314"]
[BlackFideId "8703884"]

1.e4 e5 2.Nf3 Nc6 3.Bb5 a6 4.Ba4 Nf6 5.O-O b5 6.Bb3 Bc5 7.c3 d6 8.d4 Bb6 
9.Bg5 Bb7 10.Re1 h6 11.Bh4 O-O 12.Bd5 Re8 13.Nbd2 exd4 14.cxd4 g5 15.Nxg5 
Nxd5 16.Qh5 hxg5 17.Bxg5 Nf6 18.Qh4 Bxd4 19.e5 Rxe5 20.Rxe5 Bxe5 21.Re1 
Ne7 22.Rxe5 Ng6 23.Bxf6 Nxh4 24.Rg5+ Ng6 25.Bxd8 Rxd8 26.h4 Kh7 27.h5 Ne7 
28.Rg3 Rg8 29.Re3 Nf5 30.Rc3 c5 31.f3 Ng3 32.Re3 Nf5 33.Re2 Kg7 34.g4 Nd4 
35.Re3 Kf6 36.Kf2 d5 37.Nf1 Ne6 38.Ng3 d4 39.Re1 d3 40.Ke3 Nd4 41.Rc1 d2 
42.Kxd2 Nxf3+ 0-1

[Event "Xtracon Chess Open 2018"]
[Site "Elsinore"]
[Date "2018.07.26"]
[Round "7"]
[White "Stray, Gunnar"]
[Black "Grove, Peter"]
[Result "0-1"]
[WhiteElo "2048"]
[BlackElo "2202"]
[EventDate "2018.07.21"]
[WhiteFideId "1501631"]
[BlackFideId "1411101"]

1.d4 Nf6 2.Nf3 c5 3.d5 b5 4.c4 g6 5.Qc2 Bg7 6.a4 bxc4 7.e4 d6 8.Bxc4 O-O 
9.O-O Na6 10.h3 Nb4 11.Qe2 Nd7 12.a5 f5 13.Ng5 Ne5 14.Na3 f4 15.Nf3 Qxa5 
16.Nxe5 Bxe5 17.Nc2 Qb6 18.Ne1 a5 19.Nf3 Bg7 20.Ng5 Ra7 21.Ra3 h6 22.Ne6 
Bxe6 23.dxe6 Nc6 24.Bd5 Nd4 25.Qg4 Kh7 26.h4 Qb5 27.h5 g5 28.Re1 Be5 29.
Qd1 Qe8 30.Bd2 f3 31.g4 Qb5 32.b3 Bf4 33.Bc4 Qb8 34.e5 dxe5 35.Rxa5 Bxd2 
36.Qxd2 Rxa5 37.Qxa5 Rf4 38.Qxc5 Rxg4+ 39.Kf1 Qe8 40.Bd3+ Kg8 41.Qxe5 Rf4 
42.Bg6 Qb5+ 43.Qxb5 Nxb5 44.Re4 Rf8 45.Rb4 Rd8 46.Kg1 Rd1+ 47.Kh2 Nd4 48.
Rb7 Kf8 49.Rd7 Rd2 50.Kg3 Nxb3 51.Kxf3 Rd6 52.Rxd6 exd6 53.Ke4 Ke7 54.Bf5 
Nd2+ 55.Ke3 Nc4+ 56.Ke4 Nd2+ 57.Ke3 Nb3 58.Ke4 Nc5+ 59.Kd5 Na6 60.Kc6 Nb4+
61.Kb5 Nd5 0-1

[Event "Xtracon Chess Open 2018"]
[Site "Elsinore"]
[Date "2018.07.26"]
[Round "7"]
[White "Acikel, Mert"]
[Black "Hill, Alistair"]
[Result "1/2-1/2"]
[WhiteElo "2040"]
[BlackElo "2192"]
[EventDate "2018.07.21"]
[WhiteFideId "12956465"]
[BlackFideId "432407"]

1.e4 e6 2.d4 d5 3.Nd2 Be7 4.c3 c5 5.exd5 Qxd5 6.Ngf3 cxd4 7.Bc4 Qd6 8.cxd4
Nf6 9.O-O O-O 10.Qe2 Nc6 11.Nb3 a5 12.a4 b6 13.Rd1 Nb4 14.Bg5 Bb7 15.Bh4 
Rfc8 16.Bg3 Qd8 17.Ne5 Bd5 18.Rac1 Ne4 19.Nd2 Nxg3 20.hxg3 Bf6 21.Ne4 Bxc4
22.Nxf6+ Qxf6 23.Rxc4 Qd8 24.Rdc1 Qe8 25.Rc7 Nd5 26.R7c4 Nb4 27.Rc7 Nd5 
28.R7c4 f6 29.Nc6 Rc7 30.Nxa5 Rca7 31.Nb3 Rxa4 32.Re1 Rxc4 33.Qxc4 Rc8 34.
Qe2 Rc6 35.Nc1 Qc8 36.Nd3 g6 37.Nf4 Nxf4 38.gxf4 Rc1 39.g3 Kf7 40.Rxc1 
Qxc1+ 41.Kg2 Qc6+ 42.Kh2 b5 43.Qd2 Qc4 44.Qe3 b4 45.b3 Qc2 46.Qf3 Qc3 47.
Qb7+ Kg8 48.Qe7 Qxb3 49.Qe8+ Kg7 50.Qe7+ Kg8 51.Qe8+ Kg7 52.Qe7+ Kg8 53.
Qe8+ 1/2-1/2

[Event "Xtracon Chess Open 2018"]
[Site "Elsinore"]
[Date "2018.07.26"]
[Round "7"]
[White "Christiansen, Arne"]
[Black "Ingvason, Johann"]
[Result "1-0"]
[WhiteElo "2032"]
[BlackElo "2189"]
[EventDate "2018.07.21"]
[WhiteFideId "1402013"]
[BlackFideId "2301431"]

1.d4 Nf6 2.Nf3 d5 3.c4 e6 4.cxd5 exd5 5.Nc3 Bb4 6.Bg5 c6 7.Qc2 Qa5 8.Bxf6 
gxf6 9.e3 Be6 10.Bd3 h5 11.O-O Nd7 12.e4 dxe4 13.Nxe4 O-O-O 14.a3 Be7 15.
b4 Qd5 16.Ng3 Kb8 17.Be4 Qb5 18.Nf5 Bf8 19.Rfc1 Rg8 20.a4 Qb6 21.a5 Qb5 
22.Ne3 h4 23.d5 Bh3 24.dxc6 bxc6 25.Nd4 Qg5 26.Qxc6 1-0

[Event "Xtracon Chess Open 2018"]
[Site "Elsinore"]
[Date "2018.07.26"]
[Round "7"]
[White "Bering, Anders"]
[Black "Hinrichs, Lars"]
[Result "0-1"]
[WhiteElo "1995"]
[BlackElo "2185"]
[EventDate "2018.07.21"]
[WhiteFideId "1405810"]
[BlackFideId "12921769"]

1.d4 Nf6 2.Nf3 e6 3.c4 b6 4.g3 Ba6 5.b3 Bb4+ 6.Bd2 Be7 7.Bg2 d5 8.Qc2 O-O 
9.O-O c5 10.dxc5 bxc5 11.Rd1 Nc6 12.cxd5 exd5 13.Nc3 Nd4 14.Nxd4 cxd4 15.
Na4 Bxe2 16.Re1 d3 17.Qb2 Ne4 18.Be3 Bb4 19.Rxe2 dxe2 20.Qxe2 Qf6 21.Rd1 
Rfd8 22.Bd4 Qe6 23.Qh5 Qg6 24.Qe5 Nf6 25.Nc3 Qc2 26.Qe2 Qxe2 27.Nxe2 Ne4 
28.Nf4 f5 29.Rc1 Rd7 30.Nd3 Bd6 31.f3 Ng5 32.Be3 Ne6 33.f4 Ba3 34.Rc6 Re8 
35.Ne5 Rd6 36.Rxd6 Bxd6 37.Bxd5 Bxe5 38.fxe5 Kf7 39.Bxa7 Rd8 40.Bc4 Rd1+ 
41.Kg2 Rd2+ 42.Kf3 Rxa2 43.Bf2 Ke7 44.h4 g5 45.Be1 Nd4+ 46.Ke3 Nc2+ 47.Kd2
Nxe1+ 48.Kxe1 gxh4 49.gxh4 Rh2 50.h5 Rxh5 51.Kf2 Rh3 52.e6 Rc3 0-1

[Event "Xtracon Chess Open 2018"]
[Site "Elsinore"]
[Date "2018.07.26"]
[Round "7"]
[White "Tiarks, Jann-Christian"]
[Black "Rasmussen, Ken L."]
[Result "1-0"]
[WhiteElo "2179"]
[BlackElo "2009"]
[EventDate "2018.07.21"]
[WhiteFideId "12951595"]
[BlackFideId "1443933"]

1.e4 e5 2.Nf3 Nc6 3.d4 exd4 4.Nxd4 Nf6 5.Nc3 Bb4 6.Nxc6 bxc6 7.Bd3 d5 8.
exd5 cxd5 9.O-O O-O 10.Bg5 c6 11.Qf3 Rb8 12.h3 h6 13.Bxh6 gxh6 14.Qg3+ 1-0

[Event "Xtracon Chess Open 2018"]
[Site "Elsinore"]
[Date "2018.07.26"]
[Round "7"]
[White "Rossen, Claus"]
[Black "Khlopushin, Dmitriy"]
[Result "0-1"]
[WhiteElo "2168"]
[BlackElo "2000"]
[EventDate "2018.07.21"]
[WhiteFideId "1403222"]
[BlackFideId "44147864"]

1.e4 e5 2.Nf3 Nc6 3.d4 exd4 4.Nxd4 Bc5 5.Be3 Qf6 6.Nb5 Bxe3 7.fxe3 Qh4+ 8.
g3 Qd8 9.Qg4 g6 10.Qf4 d6 11.Bc4 Ne5 12.O-O Bh3 13.Bxf7+ Kd7 14.N1c3 g5 
15.Qxe5 dxe5 16.Rfd1+ Ke7 17.Rxd8 Rxd8 18.Bxg8 Rhxg8 19.Nd5+ Kf8 20.Nbxc7 
Rd7 21.Nb5 Kg7 22.Na3 Rf8 23.Nc4 Rdf7 24.Nd2 Rf2 25.Nf4 R8xf4 26.exf4 Rxd2
0-1

[Event "Xtracon Chess Open 2018"]
[Site "Elsinore"]
[Date "2018.07.26"]
[Round "7"]
[White "Shehzad, Alisha"]
[Black "Larsen, Jens Evald"]
[Result "1-0"]
[WhiteElo "1650"]
[BlackElo "1433"]
[EventDate "2018.07.21"]
[WhiteFideId "1521926"]
[BlackFideId "1409603"]

1.e4 e6 2.d4 d5 3.Nd2 dxe4 4.Nxe4 Nd7 5.Nf3 Ngf6 6.Nxf6+ Nxf6 7.Bd3 Be7 8.
O-O b6 9.Re1 O-O 10.c3 Bb7 11.Bg5 Rc8 12.Qe2 Re8 13.Rad1 Nd5 14.Bxe7 Nxe7 
15.Qc2 Ng6 16.Be4 Bxe4 17.Qxe4 Qd5 18.Qxd5 exd5 19.a4 h6 20.h3 Re6 21.Rxe6
fxe6 22.Re1 Re8 23.g3 c5 24.h4 cxd4 25.cxd4 Nf8 26.Rc1 Kf7 27.Ne5+ Kf6 28.
Rc7 Re7 29.Rxe7 Kxe7 30.Nc6+ Kd6 31.Nxa7 e5 32.dxe5+ Kxe5 33.Kf1 Nd7 34.b4
Kd4 35.Nc6+ Kc3 36.a5 d4 37.Ke2 Nb8 38.Nxb8 Kc2 39.Nc6 d3+ 40.Ke3 d2 41.
Nd4+ Kc1 42.Nb3+ Kc2 43.Nxd2 1-0

[Event "Xtracon Chess Open 2018"]
[Site "Elsinore"]
[Date "2018.07.26"]
[Round "7"]
[White "Stage, Mathias Juul"]
[Black "Hviid, Hans Henrik"]
[Result "1-0"]
[WhiteElo "1447"]
[BlackElo "1173"]
[EventDate "2018.07.21"]
[WhiteFideId "1463306"]
[BlackFideId "1425374"]

1.e4 d6 2.Nf3 Bg4 3.g3 Nc6 4.Bg2 Nf6 5.d3 d5 6.exd5 Nxd5 7.h3 Be6 8.O-O g6
9.Ng5 Bd7 10.Bxd5 h6 11.Bxc6 bxc6 12.Nf3 Bxh3 13.Re1 Bg4 14.Bf4 Bg7 15.
Nbd2 Bxb2 16.Rb1 Bc3 17.Rb3 Ba5 18.Re5 Bb6 19.Qa1 f6 20.Re4 g5 21.Bxc7 
Qxc7 22.Rxg4 h5 23.Rxg5 Rf8 24.Rg7 Rd8 25.Kg2 Rd5 26.Rh7 Kd7 27.Qe1 Kd8 
28.Nc4 Re8 29.Nxb6 axb6 30.c4 Ra5 31.Qe3 c5 32.a3 Qa7 33.Rxh5 Rxa3 34.Rd5+
Kc7 35.Qe6 Rxb3 36.Qd7+ Kb8 37.Qxe8+ Kb7 38.Rd7+ Ka6 39.Rxa7+ Kxa7 40.Qa4+
Kb7 41.Qxb3 Kc6 42.Qb5+ Kc7 43.Nd2 e5 44.Ne4 f5 45.Nf6 e4 46.dxe4 fxe4 47.
Nxe4 Kb7 48.g4 Kc7 49.Qe8 Kb7 50.g5 Ka7 51.g6 Ka6 52.g7 Ka5 53.Qb5# 1-0

[Event "Xtracon Chess Open 2018"]
[Site "Elsinore"]
[Date "2018.07.26"]
[Round "7"]
[White "Jacobsen, Heidrikur T."]
[Black "Kunz, Andre"]
[Result "0-1"]
[WhiteElo "1918"]
[BlackElo "2158"]
[EventDate "2018.07.21"]
[WhiteFideId "7200340"]
[BlackFideId "24623652"]

1.e4 c6 2.d4 d5 3.Nc3 dxe4 4.Nxe4 Bf5 5.Ng3 Bg6 6.Nf3 e6 7.h4 h6 8.Bd3 
Bxd3 9.Qxd3 Nf6 10.Be3 Nbd7 11.O-O Qc7 12.c4 Be7 13.Rac1 O-O 14.Rfd1 Rfd8 
15.Qb3 Ng4 16.Ne4 Bxh4 17.g3 Nxe3 18.Qxe3 Bf6 19.Kg2 Qa5 20.b3 Be7 21.Rh1 
Nf6 22.Nxf6+ Bxf6 23.a4 Qf5 24.Rhd1 a5 25.Ne5 h5 26.f4 g6 27.Qf3 Rd6 28.g4
hxg4 29.Nxg4 Bg7 30.Ne3 Qf6 31.Ng4 Qd8 32.Ne5 Rxd4 33.Rxd4 Qxd4 34.Rd1 
Qb2+ 35.Kg1 Bxe5 36.fxe5 Qxe5 37.Rd7 Qf5 38.Qd1 Kg7 39.Rxb7 Rh8 40.Qd4+ e5
41.Qf2 Rh1+ 0-1

[Event "Xtracon Chess Open 2018"]
[Site "Elsinore"]
[Date "2018.07.26"]
[Round "7"]
[White "Jacobsen, Per"]
[Black "Koellner, Felicitas Ophelia"]
[Result "0-1"]
[WhiteElo "1590"]
[BlackElo "1815"]
[EventDate "2018.07.21"]
[WhiteFideId "1413856"]
[BlackFideId "16207521"]

1.d4 d6 2.e3 Nf6 3.f4 Nbd7 4.Nf3 c6 5.c3 Qc7 6.Bd3 e5 7.fxe5 dxe5 8.Nbd2 
Be7 9.O-O O-O 10.Qc2 h6 11.Ne4 Nxe4 12.Bxe4 exd4 13.exd4 Nf6 14.Bd3 c5 15.
Be3 Ng4 16.Bf2 Bd6 17.g3 Nxf2 18.Qxf2 Be6 19.a3 Rad8 20.Rad1 cxd4 21.Nxd4 
Bc5 22.Be4 Bh3 23.Rfe1 Rfe8 24.Qf3 Bc8 25.b4 Bb6 26.Kh1 a5 27.Nb5 Qc4 28.
Nd6 Rxd6 29.Bh7+ Kxh7 30.Rxe8 Rxd1+ 31.Qxd1 Qc6+ 0-1

[Event "Xtracon Chess Open 2018"]
[Site "Elsinore"]
[Date "2018.07.26"]
[Round "7"]
[White "Linderod, Lars Erik"]
[Black "Sorensen, Bernhard W."]
[Result "1-0"]
[WhiteElo "1931"]
[BlackElo "1691"]
[EventDate "2018.07.21"]
[WhiteFideId "1435965"]
[BlackFideId "1442074"]

1.e4 g6 2.d4 Bg7 3.Nc3 d6 4.Be3 a6 5.Qd2 b5 6.f3 Bb7 7.O-O-O Nd7 8.h4 h6 
9.Nh3 e6 10.Bd3 Ne7 11.Qf2 Rc8 12.h5 g5 13.Rhe1 c5 14.e5 c4 15.exd6 cxd3 
16.dxe7 Kxe7 17.Rxd3 Qa5 18.Kb1 b4 19.Ne4 Bd5 20.b3 Rc6 21.Bc1 Rhc8 22.Rd2
Qb6 23.Bb2 a5 24.Rc1 Ra8 25.c4 bxc3 26.Rxc3 Bxe4+ 27.fxe4 Rxc3 28.Bxc3 Rc8
29.Bb2 Qb4 30.Rc2 Rxc2 31.Kxc2 a4 32.Qd2 axb3+ 33.axb3 Qxd2+ 34.Kxd2 Nf6 
35.e5 Nxh5 36.Ba3+ Kd7 37.Ke3 f6 38.g4 Ng3 39.Kf3 Nf1 40.Bc1 fxe5 41.Kg2 
Nh2 42.Kxh2 exd4 43.Nf2 Kc6 44.Kg2 Kd5 45.Kf3 Bf8 46.Bb2 e5 47.Ne4 Be7 48.
Ng3 Bb4 49.Ne4 Be7 50.Bc1 Ke6 51.Ke2 Kd5 52.Kd3 Bb4 53.Nf6+ Ke6 54.Ng8 Bf8
55.Ke4 Kf7 56.Nxh6+ Bxh6 57.Kxe5 Bg7+ 58.Ke4 Ke6 59.Bxg5 Kd6 60.Bd2 Kc5 
61.g5 Bh8 62.g6 Bg7 63.Kd3 Bh8 64.Be1 Kd5 65.b4 Ke5 66.Bf2 Kf5 67.Bxd4 1-0

[Event "Xtracon Chess Open 2018"]
[Site "Elsinore"]
[Date "2018.07.26"]
[Round "7"]
[White "O`gorman, Brian"]
[Black "Sandbech, Ted Henrik"]
[Result "1/2-1/2"]
[WhiteElo "1514"]
[BlackElo "1775"]
[EventDate "2018.07.21"]
[WhiteFideId "2509601"]
[BlackFideId "1409751"]

1.e4 d5 2.exd5 Qxd5 3.Nc3 Qa5 4.d4 c6 5.Nf3 Bg4 6.h3 Bh5 7.Be2 Nd7 8.O-O 
Ngf6 9.Re1 e6 10.Bd2 Qc7 11.a3 Bd6 12.b4 O-O 13.b5 c5 14.dxc5 Bxc5 15.a4 
b6 16.Na2 Qg3 17.Be3 Bxe3 18.fxe3 Rad8 19.Rf1 Nc5 20.Qe1 Nfe4 21.Qxg3 Nxg3
22.Rfe1 Nxe2+ 23.Rxe2 Bxf3 24.gxf3 Nxa4 25.Nb4 Nc3 26.Ree1 Rd7 27.Nc6 Ra8 
28.Ne5 Rd2 29.Nc4 Rxc2 30.Nxb6 Rd8 31.Rxa7 Nxb5 32.Raa1 h6 33.Rac1 Ra2 34.
Rcd1 Rb8 35.Nd7 Rd8 36.Nf6+ gxf6 37.Rxd8+ Kg7 38.Kh1 Rf2 39.Rg1+ Kh7 40.
Rdg8 h5 41.R1g3 Nd6 42.e4 Rxf3 43.Rxf3 Kxg8 44.Rxf6 Nxe4 45.Rf4 f5 46.Kg2 
Kf7 47.Kf3 Kf6 48.Ke3 e5 49.Rf1 Ng3 50.Rb1 f4+ 51.Kf3 Kf5 52.Rb5 Ne4 53.h4
Nd2+ 54.Ke2 Ne4 55.Kf3 Nd2+ 56.Ke2 Ne4 57.Kf3 Nd2+ 58.Ke2 1/2-1/2

[Event "Xtracon Chess Open 2018"]
[Site "Elsinore"]
[Date "2018.07.26"]
[Round "7"]
[White "Pettersen, Johan"]
[Black "Petersson, Baldur Teodor"]
[Result "1-0"]
[WhiteElo "1858"]
[BlackElo "2153"]
[EventDate "2018.07.21"]
[WhiteFideId "1522183"]
[BlackFideId "2309157"]

1.g3 Nf6 2.Bg2 g6 3.Nf3 Bg7 4.O-O O-O 5.c4 d6 6.Nc3 c5 7.d3 a6 8.Rb1 Nc6 
9.a3 Rb8 10.b4 cxb4 11.axb4 b5 12.cxb5 axb5 13.Bd2 d5 14.d4 Bf5 15.Bf4 Ne4
16.Nxe4 dxe4 17.Nh4 Ra8 18.Nxf5 gxf5 19.e3 Ra4 20.Qh5 Qd5 21.Rbc1 e5 22.
Rc5 Qd7 23.dxe5 Nxb4 24.Bh3 Rfa8 25.Bxf5 Qe7 26.Qxh7+ Kf8 27.Rxb5 Nd3 28.
Bh6 Bxh6 29.Qh8# 1-0